000 01085cam a22001814a 4500
005 20250605163457.0
008 250528s ||||||||||||||||||||||||d
035 _a20137
020 _a922101861
040 _aGR-AtMCL
_bgre
_dGR-AtMCL
_eAACR2
245 1 _aInternational Labor Standards / A Workers' Education Manual
260 _bInternational Labour Office,
_c1978
300 _a98
520 _aThis books talks about the formulation, adoption and application of Internationally agreed standards of good practice in labor matters (known as ''International labor Conventions and Recommendations''). The ILO as a Standard Setting Organization, How International Labor Standards Originate, The Standard-Setting Process, Purpose and Contexts of International Labor Standards, General Application of Standards: (I) Scope of the System, General Application of Standards: (II) Supervision and Assistance, Representations and Complaints, Protecting Freedom of Association, Influence of International Labor Standards, Appendices.
942 _cBK
999 _c5276
_d5276